| 000 | 00459nam a2200145Ia 4500 | ||
|---|---|---|---|
| 008 | 170224s9999 xx 000 0 und d | ||
| 100 | _aGauri S. Joshi | ||
| 245 | _aExamining Postsecondary Education Predictors and Participation for Students With Learning Disabilities | ||
| 245 | _cGauri S. Joshi, Emily C. Bouck | ||
| 260 | _bJournal of Learning Disabilities | ||
| 260 | _c2017 | ||
| 300 | _a50:1 | ||
| 650 | _xEducation | ||
| 650 | _xSpecial Education | ||
| 999 |
_c315678 _d315678 |
||